| 000 | 01669nam2a2200301 4500 | ||
|---|---|---|---|
| 001 | RU\NLR\bibl\1705878 | ||
| 005 | 20250616063256.0 | ||
| 010 |
_a978-5-93856-179-3 _91000 |
||
| 021 |
_aRU _b2010-83076 _95539 |
||
| 035 | _a(NLR Aleph) 001696929 | ||
| 090 |
_a1195966 _c1195966 |
||
| 100 | _a20101125d2010 |||y0rusy50 ca | ||
| 101 | 0 | _arus | |
| 102 | _aRU | ||
| 105 | _aa ||||||||| | ||
| 200 | 1 |
_aОбработка облицовочного, ювелирного и ювелирно-поделочного камня _e(способы и режимы обработки, выбор, изготовление и реставрация инструмента) |
|
| 210 |
_d2010 _aБ. м. |
||
| 215 |
_a767 с. _cил. |
||
| 320 | _aБиблиогр.: с. 755-756 (73 назв.) | ||
| 461 | 0 |
_1001RU\NLR\bibl\1039317 _12001#$aЭнциклопедия камня$vТ. 2 _9732934 _aВолуев, И. В. (1949-) _cМосква _d2006 _fИ.В. Волуев _n[б.и.] _oпроисхождение, добыча, обработка и применение облицовочного, ювелирного и ювелирно-поделочного камня (оборудование, технология, инструмент) _tЭнциклопедия камня _vТ. 2 |
|
| 606 | 1 |
_aДрагоценные камни _jЭнциклопедии _xОбработка _9906909 _3RU\NLR\auth\66330513 |
|
| 606 | 1 |
_aОблицовочные камни _jЭнциклопедии _xОбработка _92608485 _3RU\NLR\auth\661545043 |
|
| 686 | _aН311.084я20 | ||
| 801 | 0 |
_aRU _bNLR _c20101125 _gRCR |
|
| 801 | 1 |
_aRU _bNLR _c20101125 |
|
| 942 | _cBOOK | ||
| 980 | _aNB | ||